Statistics for Best Los Angeles Day Trips

Click here to take the quiz!

General Stats

  • This quiz has been taken 24 times
  • The average score is 9 of 15

Answer Stats

Timecity% Correct
2h 38minSan Diego
96%
4h 7minLas Vegas
92%
6h 4minSan Francisco
92%
5h 41minPhoenix
83%
5h 59minSacramento
79%
5h 25minSan Jose
79%
3h 35minFresno
71%
7h 54minReno
71%
1h 49minBakersfield
63%
7h 13minTucson
63%
7h 26minCarson City
42%
1h 3minRiverside
42%
3hTijuana
38%
3h 10minSanta Maria
17%
3h 56minMexicali
13%

Score Distribution

Percentile by Number Answered

Percent of People with Each Score

Your Score History

You have not taken this quiz